Представление документа в формате RUSMARC

ПолеНазваниеЗначение
  Тип записи a
  Библиографический уровень m
001 Контрольный номер RU\NLR\BIBL_A\022435689
005 Дата корректировки 20260630105906.8
010 Индекс ISBN __
a ISBN 978-5-9524-6074-4
9 Тираж 1500 экз.
b Уточнения в пер.
100 Данные общей обработки __
a Данные общей обработки 20260525d2024 u y0rusa0189 ca
101 Язык документа 0_
a Язык текста rus
102 Страна публикации __
a Страна публикации RU
105 Кодированные данные (монография) __
a Кодированные данные (монография) a z 000zy
200 Заглавие и сведения об ответственности 1_
a Заглавие Тайны символов
e Сведения, относящиеся к заглавию зашифрованные знаки тайных обществ, архитектуры, мифологии, искусства, истории
f Первые сведения об ответственности составители Л. М. Мартьянова, И. С. Пигулевская
203 Вид содержания и тип средства __
a Вид содержания Текст
b Характеристика содержания визуальный
c Тип средства непосредственный
210 Выходные данные 1_
a Место издания Москва
c Издательство Центрполиграф
d Дата издания 2024
215 Физическое описание __
a Объем 318, [1] с.
c Иллюстрации/тип воспроизводства ил.
d Формат 17 см
333 Примечание о целевом назначении __
a Примечание о целевом назначении 16+
606 Тематические рубрики 1_
a Основная рубрика Символика религиозная
606 Тематические рубрики 1_
a Основная рубрика Символ (филос.)
610 Ключевые слова 0_
a Ключевые слова символ (филос.); символика религиозная; символизм украшений; тайные общества и символы; символы в фольклоре; символы в архитектуре
686 Индексы других классификаций __
2 Код системы rubbk
a Классификационный индекс 87.224.2
686 Индексы других классификаций __
a Классификационный индекс 86.3-56
2 Код системы rubbk
702 Вторичная интеллектуальная ответственность _1
a Фамилия Мартьянова
b Имя (инициалы) Л. М.
f Даты 1988-
g Полное личное имя Людмила Михайловна
4 Код отношения 220
702 Вторичная интеллектуальная ответственность _1
a Фамилия Пигулевская
b Имя (инициалы) И. С.
4 Код отношения 220
801 Источник записи _0
a Страна RU
b Организация NLR
c Дата составления 20250127
g Правила каталогизации RCR
801 Источник записи _1
a Страна RU
b Организация NLR
c Дата составления 20250127
2 Код формата rusmarc
801 Источник записи _2
a Страна RU
b Организация Ульяновская ОНБ
c Дата составления 20260525
g Правила каталогизации RCR
900 Электронные ресурсы __
a Имя электронного ресурса цп20260285
900 Электронные ресурсы __
a Имя электронного ресурса цп20260286
901 Тип документа __
t Тип документа m
909 Создатель записи __
a Создатель записи Егорова Э. А.
b Дата создания записи 20260525
910 Корректоры записи __
a Корректор записи Пряхина
b Дата внесения изменения в запись 20260630